000 00628nam a2200217Ia 4500
005 20250108124951.0
008 008 250107s9999 xx 000 0 eng d
037 _aTB
040 _aCRL
_beng
_cCRL
041 _aeng
_2eng
084 _aO168,3NEIx 111R2
084 _qCRL
100 _aVenkatesan Ravi
_9406026
245 0 _aConquering the chaos: win in India win every where
_cVenkatesan Ravi
260 _aBuston, USA
_bHarvard Business Press
_c2852
300 _a232p.
365 _aINR
_b350
650 _aBUSINESSECONOMICS
_9730189
942 _cTB
_hO168,3NEIx 111R2
999 _c1235240
_d1235240